Arrêts de la ligne Noctambus de Rouen - Statistiques

Statistiques générales
  • Ce quiz a été pris 7 fois
  • Le résultat moyen est 23 sur 37
Statistiques - réponses
Ville Arrêt % Correct
Rouen Gare - Rue Verte
100%
Rouen République
100%
Rouen Beaux Arts
83%
Rouen Campulley
83%
Mont Saint Aignan Crevier
83%
Rouen Hôtel de Ville
83%
Mont Saint Aignan La Pléiade
83%
Mont Saint Aignan Place Colbert
83%
Rouen Place Saint Sever
83%
Rouen / Mont Saint Aignan Saint Maur
83%
Rouen Saint Nicolas
83%
Rouen Square Verdrel
83%
Rouen Champlain
67%
Mont Saint Aignan Cité universitaire du Bois
67%
Mont Saint Aignan Hôtel de Ville - Bélvédère
67%
Rouen Lafayette
67%
Mont Saint Aignan La Varenne
67%
Mont Saint Aignan Les Coquets
67%
Rouen Pont Corneille
67%
Saint Étienne du R. Technopôle
67%
Grand Quevilly / Saint Étienne du R. / Petit Couronne Zénith - Parc Expo
67%
Rouen Blaise Pascal
50%
Mont Saint Aignan Business School
50%
Grand Quevilly / Saint Étienne du R. Champ des Bruyères
50%
Rouen Dufay
50%
Mont Saint Aignan Foubert
50%
Grand Quevilly / Saint Étienne du R. George Sand
50%
Rouen / Sotteville lès R. Jardin des Plantes
50%
Saint Étienne du R. Lycée Le Corbusier
50%
Rouen Méridienne
50%
Sotteville lès R. / Petit Quevilly Stade Diochon
50%
Grand Quevilly / Saint Étienne du R. Stendhal
50%
Saint Étienne du R. Câteliers
33%
Sotteville lès R. / Petit Quevilly Lycée des Bruyères
33%
Saint Étienne du R. Mare aux Sangsues
33%
Sotteville lès R. / Petit Quevilly Sémard
33%
Saint Étienne du R. Mare aux Daims
17%
Aucun quiz correspondant
Distribution des résultats
% des personnes avec chaque résultat
Percentile par nombre de réponses
Votre historique - résultats
Vous n’avez pas pris ce quiz